1880 1888 1237 1781 1393 1606 1568 1860 1277 1600 1378 1360 1233 1883 1614 1697 1644 1876 1689 1505 1916 1663 1211 1271 1672 1587 1329 1341 1658 1461 1613 1765 1744 1137 1298 1515 1755 1697 1701 1453 1839 1423 1986 1732 1989 1916 1351 1859 1321 1528 1639 1833 1220 1359 1497 1293 1852 1504 1481 1481 1428 1070 1076 1876 1926 1017 1445 1959 1380 1586 1128 1213 1596 1817 1954 1546 1694 1161 1546 1167 1440 1035 1034 1551 1310 1292 1016 1419 1222 1689 1534 1557 1852 1998 1755 1869 1350 1080 1898 BCNSPRNW ULIB Ver.6.0+V

เปลี่ยนเป็นภาษาไทย

Change to English
 แสดงรายละเอียดบรรณานุกรม
  กลับหน้าหลัก

Brief Record : Get Marc (ISO 2709) : E-mail record : QR code < ปิดหน้าต่าง
LEADER : 00000nam 2200000uu 4500
001    13399112493
003     ULIB
008    110627s2552||||th 000 0 tha d
020    9786160600205
090    นว.^bช527พ 2552
100 0  ชาลีน
245 00 พันธะสองหัวใจ/^cชาลีน
250    พิมพ์ครั้งที่ 2
260    กรุงเทพฯ :^bแจ่มใส,^c2552
300    389 หน้า
710 1  แจ่มใส
945    ^p229^l0^i026735
995    ทศพร
999 ^a ใช้งานได้ทุกระบบ
รายการนี้ยังไม่มีแท็ก
คุณยังไม่ได้ล็อกอิน คุณสามารถมีกิจกรรมร่วมกับเว็บไซต์ได้ แต่ต้องล็อกอินก่อน ::
  ล็อกอิน

รายการสื่อสารสนเทศ

ลำดับที่ ประเภท เลขเรียก/บาร์โค้ด สถานที่ สถานะ
- ไม่พบข้อมูล -

BibComment


ยังไม่เคยถูกคอมเมนท์

คอมเมนท์ทรัพยากรรายการนี้
  คอมเมนท์: พันธะสองหัวใจ ชาลีน


 Copyright 2026. Bcnsprnw @Library